| 000 | 00427nam a2200157Ia 4500 | ||
|---|---|---|---|
| 008 | 160316s1997 xxu||||| |||| 00| 0 eng d | ||
| 082 |
_a346.048000 _bROW-2 |
||
| 100 | _aRowland Diane | ||
| 245 | _aInformation technology law | ||
| 250 | _a | ||
| 260 |
_aLondon _bCavendish Publishing Ltd. _c1997 |
||
| 300 |
_a405p _b _cxxv |
||
| 365 | _b | ||
| 650 | _a1.Intellectual Property Law - Copyright - Computer - Law | ||
| 700 |
_a _a |
||
| 999 |
_c16267 _d16267 |
||